European countries with hints - Statistics

General Stats
  • This quiz has been taken 745 times
  • The average score is 25 of 45
Answer Stats
Hint Country % Correct
The northernmost european country Norway
93%
It got its indipendence from Czechia in 1993 Slovakia
88%
Got invaded by Germany on the 1st of september 1939 Poland
87%
Dracula's set to live in this country Romania
86%
It borders Russia, Ukraine, Poland, Lithuania and Latvia Belarus
85%
The southernmost Scandinavian country Denmark
83%
D-Day took place in this country France
83%
It got reunified when the Iron Curtain fell Germany
80%
Its capital is the capital city of the EU Belgium
78%
It has the most billionaires per capita Monaco
75%
It borders the european part of Turkey and the Black Sea Bulgaria
74%
It once was the biggest european empire United Kingdom
73%
Its entire territory lies on the Pyrenees Andorra
70%
It borders both the Gulf of Finland and the Gulf of Riga Estonia
69%
80.3% of its population is muslim (2020) Albania
65%
It borders Austria and Switzerland Liechtenstein
65%
Its the northernmost of the Ex-Yugoslavian countries Slovenia
65%
Homeland of the world's oldest university Italy
63%
The clover is the most famous symbol of this country Ireland
60%
Its the youngest european country Kosovo
60%
The southernmost Baltic country Lithuania
59%
Its capital gives a name to a syndrome for which an hostagefalls in love with his/her kidnapper Sweden
59%
Where the Crimean Crisis of 2014 took place Ukraine
59%
Its capital is the last european capital alphabetically Croatia
56%
It's the only country of the EU that still has territories inMorocco Spain
56%
It's the only european country that uses just the Hellenic alphabet Greece
54%
The biggest Ex-Yugoslavian country Serbia
53%
The westernmost european country Portugal
47%
It has the highest number of volcanoes in Europe Iceland
46%
The name of this country in its language is Suomi Finland
44%
Mediterranean country that speaks English and Italian as 2nd languages Malta
44%
Country where the first genocide in Europe since WWII took place Bosnia and Herzegovina
39%
Home of the longest railway of the world Russia
39%
It once was part of an empire founded in 1867 Hungary
37%
The 2nd to last country to become indipendent in Europe Montenegro
36%
The last war they fought was the Sonderbund war Switzerland
33%
Its most famous period was the ___ Spring (1968) Czech Republic
29%
The only Gran Duchy still existing in Europe Luxembourg
29%
They had a dispute on their name, settled in 2019 North Macedonia
29%
Its one of the 2 countries that have more than one capital city in Europe Netherlands
26%
The 2nd most populous city in this country is Daugavpils Latvia
23%
Became indipendent in 301 A.D. San Marino
23%
It joined the EU in 1995, with Finland and Sweden Austria
16%
Its ancestors fought the Crusades Vatican City
15%
Maia Sandu is their president (march 2022) Moldova
13%
No matching quizzes found
Score Distribution
Percent of People with Each Score
Percentile by Number Answered
Your Score History
You have not taken this quiz